000 00654nam a22001937a 4500
005 20251108164240.0
008 250721s9999 xx 000 0 ara d
082 1 4 _a338.91724/عري
100 1 _aعريقات، حربي محمد موسى
245 1 0 _aمبادئ في التنمية و التخطيط الإقتصادي /
264 1 _aعمان :
_bدار الفكر للنشر و التوزيع،
300 _a237ص
650 1 7 _aالتنمية الإقتصادية
650 1 7 _aالبلدان النامية
650 1 7 _aالتنمية الإقتصادية
650 1 7 _aالبلدان العربية
942 _2ddc
_cBK
999 _c7417
_d7417